<?xml version="1.0" encoding="UTF-8"?>
<record
    xmlns:xsi="http://www.w3.org/2001/XMLSchema-instance"
    xsi:schemaLocation="http://www.loc.gov/MARC21/slim http://www.loc.gov/standards/marcxml/schema/MARC21slim.xsd"
    xmlns="http://www.loc.gov/MARC21/slim">

  <leader>02071cam a2200277 i 4500</leader>
  <controlfield tag="003">SA-RiAUC</controlfield>
  <controlfield tag="005">20251113134529.0</controlfield>
  <controlfield tag="008">251112s2004    su     g      000r0 ara c</controlfield>
  <datafield tag="020" ind1=" " ind2=" ">
    <subfield code="a">9960464075</subfield>
  </datafield>
  <datafield tag="040" ind1=" " ind2=" ">
    <subfield code="a">SA-JuJU</subfield>
    <subfield code="b">ara</subfield>
    <subfield code="c">SA-RiAUC</subfield>
    <subfield code="e">rda</subfield>
  </datafield>
  <datafield tag="082" ind1="0" ind2="4">
    <subfield code="a">216</subfield>
    <subfield code="q">SA-RiAUC</subfield>
  </datafield>
  <datafield tag="090" ind1=" " ind2=" ">
    <subfield code="a">216 </subfield>
    <subfield code="b">&#x645; &#x637; &#x628;</subfield>
  </datafield>
  <datafield tag="100" ind1="1" ind2=" ">
    <subfield code="a">&#x645;&#x637;&#x628;&#x642;&#x627;&#x646;&#x64A;&#x60C; &#x645;&#x627;&#x632;&#x646; &#x635;&#x644;&#x627;&#x62D;&#x60C;</subfield>
    <subfield code="d">1369 &#x647;&#x62C;&#x631;&#x64A;-</subfield>
    <subfield code="e">&#x645;&#x624;&#x644;&#x641;.</subfield>
  </datafield>
  <datafield tag="245" ind1="1" ind2="0">
    <subfield code="a">&#x627;&#x62D;&#x630;&#x631;&#x648;&#x627; .. &#x62E;&#x637;&#x631; &#x627;&#x644;&#x627;&#x633;&#x62A;&#x634;&#x631;&#x627;&#x642; /</subfield>
    <subfield code="c">&#x645;&#x627;&#x632;&#x646; &#x635;&#x644;&#x627;&#x62D; &#x645;&#x637;&#x628;&#x642;&#x627;&#x646;&#x64A;.</subfield>
  </datafield>
  <datafield tag="264" ind1=" " ind2="1">
    <subfield code="a">&#x627;&#x644;&#x631;&#x64A;&#x627;&#x636; :</subfield>
    <subfield code="b">&#x645;&#x627;&#x632;&#x646; &#x635;&#x644;&#x627;&#x62D; &#x645;&#x637;&#x628;&#x642;&#x627;&#x646;&#x64A;&#x60C;</subfield>
    <subfield code="c">[2004]</subfield>
  </datafield>
  <datafield tag="300" ind1=" " ind2=" ">
    <subfield code="a">45 &#x635;&#x641;&#x62D;&#x629; &#x61B;</subfield>
    <subfield code="c">15 &#x633;&#x645;</subfield>
  </datafield>
  <datafield tag="336" ind1=" " ind2=" ">
    <subfield code="a">&#x646;&#x635;</subfield>
    <subfield code="b">txt</subfield>
    <subfield code="2">rdacontent</subfield>
    <subfield code="3">&#x643;&#x62A;&#x627;&#x628;</subfield>
  </datafield>
  <datafield tag="337" ind1=" " ind2=" ">
    <subfield code="a">&#x628;&#x62F;&#x648;&#x646; &#x648;&#x633;&#x64A;&#x637;</subfield>
    <subfield code="b">n</subfield>
    <subfield code="2">rdamedia</subfield>
  </datafield>
  <datafield tag="338" ind1=" " ind2=" ">
    <subfield code="a">&#x645;&#x62C;&#x644;&#x62F;</subfield>
    <subfield code="b">nc</subfield>
    <subfield code="2">rdacarrier</subfield>
  </datafield>
  <datafield tag="650" ind1=" " ind2="7">
    <subfield code="a">&#x627;&#x644;&#x625;&#x633;&#x644;&#x627;&#x645;</subfield>
    <subfield code="x">&#x62F;&#x641;&#x639; &#x645;&#x637;&#x627;&#x639;&#x646;</subfield>
    <subfield code="2">aucsh</subfield>
  </datafield>
  <datafield tag="650" ind1=" " ind2="7">
    <subfield code="a">&#x627;&#x644;&#x625;&#x633;&#x644;&#x627;&#x645; &#x648;&#x627;&#x644;&#x627;&#x633;&#x62A;&#x634;&#x631;&#x627;&#x642; &#x648;&#x627;&#x644;&#x645;&#x633;&#x62A;&#x634;&#x631;&#x642;&#x648;&#x646;</subfield>
    <subfield code="2">aucsh</subfield>
  </datafield>
  <datafield tag="856" ind1=" " ind2=" ">
    <subfield code="u">http://saaid.net/book/open.php?cat=89&amp;book=8047</subfield>
    <subfield code="y">External Link</subfield>
    <subfield code="2"> &#x646;&#x631;&#x62C;&#x648; &#x627;&#x644;&#x627;&#x646;&#x62A;&#x628;&#x627;&#x647; &#x644;&#x625;&#x645;&#x643;&#x627;&#x646;&#x64A;&#x629; &#x648;&#x62C;&#x648;&#x62F; &#x627;&#x62E;&#x62A;&#x644;&#x627;&#x641; &#x641;&#x64A; &#x627;&#x644;&#x637;&#x628;&#x639;&#x629; &#x623;&#x648; &#x627;&#x644;&#x646;&#x627;&#x634;&#x631; &#x628;&#x64A;&#x646; &#x627;&#x644;&#x628;&#x64A;&#x627;&#x646;&#x627;&#x62A; &#x639;&#x644;&#x649; &#x627;&#x644;&#x628;&#x648;&#x627;&#x628;&#x629; &#x648;&#x645;&#x627; &#x633;&#x62A;&#x62C;&#x62F;&#x647; &#x639;&#x644;&#x649; &#x627;&#x644;&#x643;&#x62A;&#x627;&#x628; &#x646;&#x638;&#x631;&#x627; &#x644;&#x645;&#x62D;&#x62F;&#x648;&#x62F;&#x64A;&#x629; &#x627;&#x644;&#x645;&#x639;&#x644;&#x648;&#x645;&#x627;&#x62A; &#x627;&#x644;&#x645;&#x62A;&#x627;&#x62D;&#x629; &#x639;&#x644;&#x649; &#x627;&#x644;&#x645;&#x648;&#x642;&#x639; &#x627;&#x644;&#x646;&#x627;&#x634;&#x631; &#x644;&#x644;&#x645;&#x627;&#x62F;&#x629;.</subfield>
    <subfield code="3">Please note that there may be a difference in the edition or publisher between the data on the portal and  the book due to the limited information available on the publisher website for the material.</subfield>
  </datafield>
  <datafield tag="856" ind1=" " ind2=" ">
    <subfield code="u">http://saaid.net/book/15/6654.doc</subfield>
    <subfield code="y">Digital Copy</subfield>
    <subfield code="2"> &#x646;&#x631;&#x62C;&#x648; &#x627;&#x644;&#x627;&#x646;&#x62A;&#x628;&#x627;&#x647; &#x644;&#x625;&#x645;&#x643;&#x627;&#x646;&#x64A;&#x629; &#x648;&#x62C;&#x648;&#x62F; &#x627;&#x62E;&#x62A;&#x644;&#x627;&#x641; &#x641;&#x64A; &#x627;&#x644;&#x637;&#x628;&#x639;&#x629; &#x623;&#x648; &#x627;&#x644;&#x646;&#x627;&#x634;&#x631; &#x628;&#x64A;&#x646; &#x627;&#x644;&#x628;&#x64A;&#x627;&#x646;&#x627;&#x62A; &#x639;&#x644;&#x649; &#x627;&#x644;&#x628;&#x648;&#x627;&#x628;&#x629; &#x648;&#x645;&#x627; &#x633;&#x62A;&#x62C;&#x62F;&#x647; &#x639;&#x644;&#x649; &#x627;&#x644;&#x643;&#x62A;&#x627;&#x628; &#x646;&#x638;&#x631;&#x627; &#x644;&#x645;&#x62D;&#x62F;&#x648;&#x62F;&#x64A;&#x629; &#x627;&#x644;&#x645;&#x639;&#x644;&#x648;&#x645;&#x627;&#x62A; &#x627;&#x644;&#x645;&#x62A;&#x627;&#x62D;&#x629; &#x639;&#x644;&#x649; &#x627;&#x644;&#x645;&#x648;&#x642;&#x639; &#x627;&#x644;&#x646;&#x627;&#x634;&#x631; &#x644;&#x644;&#x645;&#x627;&#x62F;&#x629;.</subfield>
    <subfield code="3">Please note that there may be a difference in the edition or publisher between the data on the portal and  the book due to the limited information available on the publisher website for the material.</subfield>
  </datafield>
  <datafield tag="942" ind1=" " ind2=" ">
    <subfield code="2">ddc</subfield>
    <subfield code="c">BOOK</subfield>
    <subfield code="n">0</subfield>
  </datafield>
  <datafield tag="949" ind1=" " ind2=" ">
    <subfield code="a">SA-JeALM</subfield>
    <subfield code="d">251112</subfield>
    <subfield code="u">mohamedma123</subfield>
    <subfield code="n">1</subfield>
  </datafield>
  <datafield tag="952" ind1=" " ind2=" ">
    <subfield code="0">0</subfield>
    <subfield code="1">0</subfield>
    <subfield code="2">ddc</subfield>
    <subfield code="4">0</subfield>
    <subfield code="7">0</subfield>
    <subfield code="a">WAHAB</subfield>
    <subfield code="b">WAHAB</subfield>
    <subfield code="d">2025-11-13</subfield>
    <subfield code="l">0</subfield>
    <subfield code="o">216  &#x645; &#x637; &#x628;</subfield>
    <subfield code="p">000020147</subfield>
    <subfield code="r">2025-11-13 13:46:10</subfield>
    <subfield code="w">2025-11-13</subfield>
    <subfield code="y">BOOK</subfield>
  </datafield>
  <datafield tag="952" ind1=" " ind2=" ">
    <subfield code="0">0</subfield>
    <subfield code="1">0</subfield>
    <subfield code="2">ddc</subfield>
    <subfield code="4">0</subfield>
    <subfield code="7">0</subfield>
    <subfield code="a">WAHAB</subfield>
    <subfield code="b">WAHAB</subfield>
    <subfield code="d">2025-11-17</subfield>
    <subfield code="l">0</subfield>
    <subfield code="o">216 &#x645; &#x637; &#x628;</subfield>
    <subfield code="p">000021210</subfield>
    <subfield code="r">2025-11-17 12:31:56</subfield>
    <subfield code="w">2025-11-17</subfield>
    <subfield code="y">BOOK</subfield>
  </datafield>
  <datafield tag="999" ind1=" " ind2=" ">
    <subfield code="c">13260</subfield>
    <subfield code="d">13260</subfield>
  </datafield>
</record>
